000 00843cam a22002535a 4500
999 _c4901
_d4901
005 20201124142509.0
008 081216s 2007nyua fr 001 0 eng d
010 _a 2006041956
020 _a0071103090 (International ed.)
022 _a9780071103091 (International ed.)
040 _aEG-ScBUE
_beng
_cEG-ScBUE
_dEG-ScBUE
082 0 4 _a657
_bWIL
_222
100 1 _aWild, John J.
245 1 0 _aFundamental accounting principles /
_cJohn J. Wild, Kermit D. Larson, Barbara Chiappetta.
250 _a18th ed.,International edition.
260 _aNew York :
_bMcGraw-Hill,
_cc.2007.
300 _a1 v. (various pagings) :
_bill. (some col.) ;
_c29 cm.
500 _aIncludes index.
500 _aIncludes glossary.
590 _adoaa mohamed
650 7 _aAccounting.
_2BUEsh
651 _2BUEsh
653 _bBUSECO
_cMay2019